000 00800nam a2200241 i 4500
003 DO-SdBNP
005 20250422182808.0
007 ta
008 240514s1925 dr d 000 0 spa d
040 _aDO-SdBNP
_bspa
_cBNPHU
_erda
082 4 _axxx
_bP273d
_222
100 1 _aCipriano, de Utrera,
_d1886-1958
_cFray,
_eautor
_4aut.
_950420
110 1 _aRepública Dominicana. Ministerio de Economía, Planificación y Desarrollo.
_bOficina Nacional de Estadística
_975806
245 _aDeclaración de principios
264 1 _aSanto Domingo :
_bImprenta Montalvo,
_c1925.
300 _a23 páginas ;
_c21 cm.
336 _atexto
_btxt
_2rdacontent
337 _asin mediación
_bn
_2rdamedia
338 _avolumen
_bnc
_2rdacarrier
590 _aInventariado, 2024/DG
910 _aDG
942 _2ddc
_cLF2
999 _c56660
_d56660